Detalles MARC
| 000 -LÍDER |
| Campo fijo de descripción fija |
01921nam a2200349 i 4500 |
| 001 - NÚMERO DE CONTROL |
| Campo de control |
768714001 |
| 003 - IDENTIFICADOR DEL NÚMERO DE CONTROL |
| Campo de control |
CO-MdFUSB |
| 005 - FECHA Y HORA DE LA ULTIMA TRANSACCIÓN |
| control field |
20210414095912.0 |
| 007 - CAMPO FIJO DE DESCRIPCIÓN FIJA--INFORMACIÓN GENERAL |
| Campo fijo de descripción fija |
ta |
| 008 - ELEMENTOS DE LONGITUD FIJA -- INFORMACIÓN GENERAL |
| Campo fijo de descripción fija -- Información general |
200610t2013 ck oa||| |||| 00| 0 spa d |
| 020 ## - NÚMERO INTERNACIONAL NORMALIZADO PARA LIBROS |
| Número Internacional Normalizado del libro |
9789584236678 |
| 040 ## - FUENTE DE CATALOGACIÓN |
| Agencia de catalogación original |
CO-MdFUSB |
| Idioma de catalogación |
spa |
| Agencia que realiza la transcripción |
CO-MdFUSB |
| Agencia que realiza la modificación |
CO-MdFUSBC |
| Convenciones de la descripción |
rda |
| 041 ## - CÓDIGO DE IDIOMA |
| Código de idioma para texto/pista de sonido o título separado |
spa |
| 082 ## - NÚMERO DE CLASIFICACIÓN DECIMAL DEWEY |
| Número de la edición del Dewey |
23 |
| Número de clasificación |
615.321 |
| Clave de autor-Numero de item |
G633 |
| 100 ## - ASIENTO PRINCIPAL--NOMBRE PERSONAL |
| Nombre personal |
Gómez, Catalina |
| Término relacionador |
autor |
| 245 14 - TÍTULO |
| Título del Material |
Los apuntes de Cata |
| Parte restante del título - Subtitulo |
: secretos de la naturaleza para tu salud y belleza |
| Mención de responsabilidad, etc. |
/ Catalina Gómez |
| 250 ## - MENCIÓN DE EDICIÓN |
| Mención de edición |
Cuarta edición |
| 264 #1 - PRODUCCIÓN, PUBLICACIÓN, DISTRIBUCIÓN, MANUFACTURA, Y COPYRIGHT |
| Lugar de producción, publicación, distribución, manufactura |
Bogotá, Colombia : |
| Nombre del productor, publicador, distribuidor |
Diana, |
| Fecha de producción, publicación, distribución, manufactura, o copyright |
[2013] |
| 264 #4 - PRODUCCIÓN, PUBLICACIÓN, DISTRIBUCIÓN, MANUFACTURA, Y COPYRIGHT |
| Fecha de producción, publicación, distribución, manufactura, o copyright |
©2013 |
| 300 ## - DESCRIPCIÓN FÍSICA |
| Dimensiones |
216 páginas ; |
| Extensión |
23 cm |
| 336 ## - TIPO DE CONTENIDO |
| Fuente |
rdacontent |
| Término de tipo de contenido |
texto |
| Código de tipo de contenido |
txt |
| 337 ## - TIPO DE MEDIO |
| Fuente |
rdamedia |
| Nombre del tipo de medio |
sin mediación |
| Código del tipo de medio |
n |
| 338 ## - TIPO DE SOPORTE |
| Fuente |
rdacarrier |
| Nombre del tipo de soporte |
volumen |
| Código Tipo de soporte |
nc |
| 505 ## - NOTA DE CONTENIDO |
| Nota de contenido con formato preestablecido |
Botica -- Introducción -- Canela -- Aguacate -- Ahuyama -- Albahaca -- Almendra -- Arroz -- Banano -- Café -- Caléndula -- Cebolla -- Coco -- Fresa -- Guayaba -- Hinojo -- Jengibre -- Kiwi -- Laurel -- Limón -- Linaza -- Mango -- Manzana -- Manzaniña -- Maracuyá -- Menta .. Oregano -- Papa -- Pepino -- Pera -- Perejil -- Piña -- Remolacha -- Romero -- Sabila --Té -- Tomate -- Toronjiil -- Uva -- Zabahoría -- Algunas preparacionas -- Bibliografía |
| 520 3# - NOTA DE RESUMEN, ETC. |
| Nota de sumario, etc. |
Este libro reúne más de cien concejos de bellaza, nitrición y salud Catalina Gpmez ha recopilado e investigado durante cuatro años para sección en televión "Los apuntes de Cata". El resultado es una guía útil y completa de recetas, mascarillas y trucos de fácil aplicación para obtener todos los beneficios que la naturaliza nos brinda. Incluye comentarios del doctor Luis Gabriel Piñeros, experto en farmacología vegetal. Encuentre todos los consejos que aparecen en televisión. |
| 563 ## - NOTA DE ENCUADERNACIÓN |
| Nota de encuadernación |
Rústico |
| 653 ## - TÉRMINO DE INDIZACIÓN - NO CONTROLADO |
| Término no controlado |
Medicina alternativa. |
| 653 ## - TÉRMINO DE INDIZACIÓN - NO CONTROLADO |
| Término no controlado |
Productos naturales. |
| 653 ## - TÉRMINO DE INDIZACIÓN - NO CONTROLADO |
| Término no controlado |
Belleza personal. |
| 942 ## - TIPO DE MATERIAL (KOHA) |
| Tipo de Item KOHA |
Libros General |
| 945 ## - INFORMACIÓN LOCAL DEL REGISTRO |
| Catalogador |
Dani |